000 01361nam a2200373 a 4500
003 CHAP
005 20220329143542.0
008 100519s2002 mx r 10000 spa d
010 _a98454
011 _a99426
035 _a110112
040 _cCHAP
082 1 4 _a307.72
_bSe52
111 2 _aSeminario internacional revalorización de los grupos prioritarios en el medio rural(
_n:
_d2002:
_cMéxico, D.F.)
_9104147
245 1 0 _aMemoria
_c/compilado por Berenice Arteaga Galindo
260 _aMéxico :
_bSAGARPA,
_c2002
300 _a294 p. :
_bgráfs.
590 _aBATCH-UPD
_b10
_c20130110
_lUCH01
_h0843
590 _aBATCH-UPD
_b10
_c20130410
_lUCH01
_h0518
590 _aBATCH-UPD
_b10
_c20130914
_lUCH01
_h0412
590 _aCONVERSION
_b10
_c20130109
_lUCH01
_h1354
650 1 4 _aComunidades rurales.
_926254
650 1 4 _aDesarrollo rural.
_932067
650 1 4 _aGuatemala
_xCondiciones sociales.
_951026
650 1 4 _aIndios de México
_xCondiciones sociales.
_957626
650 1 4 _aJuventud
_xSituación social
_zMéxico.
_962556
650 1 4 _aMujer en comunidades rurales.
_979360
650 1 4 _aMujer
_xSituación social.
_979329
650 1 4 _aSeguridad social rural.
_9103689
700 1 _aArteaga Galindo, Berenice
_e, comp.
_97713
901 _aBK
942 _cLIBRO
949 _a307.72 Se52
_bBC
_cCONG
_d33724002168439
_eCONG
_gI.c/e
_h112595
_i110112
_sb
999 _c98454
_d98454